• 首页
  • 本馆介绍
  • 公告通知
  • 最新文献
  • 馆藏检索
  • 电子资源
  • 读者导购
  • 参考咨询
  • 我的图书馆
  • 登录
  • 详细信息显示
  • 放入我的书架
  • 预约/预借图书
  • 作者相关作品
  • 分类相关作品
  • 丛书相关作品
  • 出版社相关作品

书目信息

  • 表格格式
  • 工作单格式
  • 卡片格式
题名:
尔虞我诈—谍海风云四千年
    
 
作者: 赵英 著
分册:  
出版信息: 北京   中国经济出版社  1990.05
页数: 855页
开本: 21cm
丛书名:
单 册:
中图分类: E87
科图分类:
主题词: 军事--情报工作 , 军事侦察 , 战略侦察
电子资源:
ISBN: 7-5017-0611-5
000 00604nam0 2200217 45
001 0404241462
005 20040424145657.9
010    @a7-5017-0611-5@dCNY12.00
100    @a20040424d1990 km y0chiy0120 ea
101 0  @achi
105    @a z 000yy
200 1  @a尔虞我诈—谍海风云四千年@AEr Yu Wo Zha—Die Hai Feng Yun Si Qian Nian@f赵英著@FZhao Ying Zhu
210    @a北京@c中国经济出版社@d1990.05
215    @a855页@d21cm
606 0  @a军事@x情报工作
606 0  @a军事侦察
606 0  @a战略侦察
690    @aE87@v3
701  0 @a赵英@4著
801    @aCN@bTSTCL@c20040424
905    @f1@b232450@dE87@e25
    
    尔虞我诈—谍海风云四千年/赵英著.-北京:中国经济出版社,1990.05
    855页;21cm
    
    
    ISBN 7-5017-0611-5:CNY12.00
    
●
相关链接 在E读中查询图书 在五车中查询图书 在当当中查询图书 在豆瓣中查询图书


正题名:尔虞我诈—谍海风云四千年     索取号:E87/25         预约/预借

序号 登录号 条形码 馆藏地/架位号 状态 备注
1 0232450   001262724   第一借阅区/ [索取号:E87/25] 在馆    
2 0232451   001263947   第一样本阅览室/ [索取号:E87/25] 在馆    
唐山师范学院图书馆 欢迎您!
大连网信软件有限公司© 版权所有